| 000 | 01270nam a22003617a 4500 | ||
|---|---|---|---|
| 001 | BR9204019 | ||
| 003 | BR-BrBNA | ||
| 005 | 20230928093645.0 | ||
| 007 | ta | ||
| 008 | 230509b bl.||||| |||| 00| 0 por d | ||
| 040 |
_aBR-BrBNA _bpor _cBiblioteca Nacional de Agricultura |
||
| 041 | _a(Por) | ||
| 072 |
_aL51; Q54 _b5213 _b8954 |
||
| 090 | _ 5213 BR9204019 | ||
| 100 | 1 | _aGonzalez Duarte, U.J. | |
| 110 | 1 |
_aUniversidade Federal de Minas Gerais, Belo Horizonte (Brasil). Escola de Veterinaria _0Tese (Magister Scientiae em Zootecnia) |
|
| 245 | 1 | _aSubstituicao da silagem de milho pela palha de feijao tratada ou nao com hidroxido de sodio ou hidroxido de amonia, para novilhos em confinamento | |
| 246 | 1 | _a[Substitution of corn silage by bean straw treated or not with sodium hydroxide or ammonia for beef steers! | |
| 260 | 3 |
_aBelo Horizonte, MG (Brasil): _c1991. |
|
| 300 | _a90 p. | ||
| 500 | _aBibliography p. 65-76 (129 ref.); Summary (Por); 11 tables | ||
| 650 | _aNOVILHO DE CORTE | ||
| 650 | _aDIGESTIBILIDADE | ||
| 650 | _aHIDROXIDO DE SODIO | ||
| 650 | _aAMONIA | ||
| 650 | _aCONFINAMENTO | ||
| 650 | _aSILAGEM | ||
| 650 | _aMILHO | ||
| 650 | _aFEIJAO | ||
| 650 | _aRACAO | ||
| 909 |
_a202309 _bLucia _c55 _dLucia Elande |
||
| 942 | _cBK | ||
| 999 |
_c46289 _d46289 |
||